Normal view
MARC view
- Aslam, Nadeem
Entry Personal Name
001 - CONTROL NUMBER
- control field: 89049
003 - CONTROL NUMBER IDENTIFIER
- control field: NUST
005 - DATE AND TIME OF LATEST TRANSACTION
- control field: 20220215160634.0
008 - FIXED-LENGTH DATA ELEMENTS
- fixed length control field: 220215|| aca||aabn | a|a d
040 ## - CATALOGING SOURCE
- Original cataloging agency: NUST
- Transcribing agency: NUST
100 ## - HEADING--PERSONAL NAME
- Personal name: Aslam, Nadeem
670 ## - SOURCE DATA FOUND
- Source citation: Work cat.: (NUST)33052: Aslam, Nadeem., Season Of The Rainbirds /, 1993.
